01018nam a2200277 i 450000100060000000300090000600500170001500700030003200800410003502000180007604000220009408000110011610000420012724501250016926000320029430000210032649000360034750400300038365000360041370000360044970000390048583000440052485200330056899900170060195201220061847882ES-MaACL20250830063047.0t|030625s2002 sp ||||0| spa j a84-8164-483-8 aM-BN bspa cM-BN a37.0341 aDurkheim, Émile, d1858-191794630213aLa educación moral / cEmile Durkheim ; edición y traducción de José Taberner Guasp y Antonio Bolívar Botía. aMadrid : bTrotta, c[2002] a292 p ; c23 cm.1 aClásicos de la cultura ; v19 aBibliografía: p. 52-60.17aEducación moral2embne9121151 aTaberner Guasp, José.91090161 aBolívar Botía, Antonio.9299650 aClásicos de la cultura ; v199180247 aES-MaACLjL-26429 bR.132251 c47882d47882 00104070aATENEOMbATENEOMcDEPO2d2008-01-17eSCl0oL-26429p1050392r2023-02-23 00:00:00w2023-02-23yMONOGRAFIA